00318nam a2200121Ia 4500082001200000100002700012245002300039260003100062300001800093650003600111650003000147710001900177 aTR.0144 aRai, Jagdishwar Prasad 0aSugar belt of U.P. c1975bGorakhpur University a170p. + C D-3 aSUGAR FACTORIES - UTTAR PRADESH aSUGARCANE - UTTAR PRADESH aSingh, Jagdish